Widmo spektroskopowe - Statystyki

Ogólne statystyki
  • Ten quiz został rozwiązany 7 115 razy
  • Średni wynik to 4 z 7
Statystyki odpowiedzi
Typowa długość fali Rodzaj fal % Poprawnych
10-5 m Podczerwone
81%
10-8 m Ultrafioletowe
81%
103 m Radiowe
57%
5 * 10-7 m Widzialne
54%
10-2 m Mikrofalowe
51%
10-12 m Gamma
50%
10-10 m Rentgenowskie
47%
Nie znaleziono quizów pasujących do podanych kryteriów
Rozkład punktacji
Procent ludzi z każdym wynikiem
Percentyl według liczby udzielonych odpowiedzi
Twoja historia wyników
Nie rozwiązałeś tego quizu